header

Morphology, phonology, acquisition (Record no. 23494)

MARC details
000 -LEADER
fixed length control field 01221nam a2200301Ia 4500
082 04 - DEWEY DECIMAL CLASSIFICATION NUMBER
Classification number 415
245 00 - TITLE STATEMENT
Title Morphology, phonology, acquisition
260 ## - PUBLICATION, DISTRIBUTION, ETC. (IMPRINT)
Place of publication Philadelphia :
Name of publisher John Benjamins,
Year of publication 2002.
300 ## - PHYSICAL DESCRIPTION
Number of Pages vi, 306 p.
490 0# - SERIES STATEMENT
Series statement Linguistik aktuell/Linguistics today,
Series statement Asymmetry in grammar ;
650 #0 - SUBJECT ADDED ENTRY--TOPICAL TERM
Topical Term Asymmetry (Linguistics)
700 1# - ADDED ENTRY--PERSONAL NAME
Personal name Di Sciullo, Anne-Marie,
856 40 - ELECTRONIC LOCATION AND ACCESS
Uniform Resource Identifier http://site.ebrary.com/lib/rucke/Doc?id=10026209

No items available.

© 2026 Rongo University
Contact us: librarian | system librarian | Rongo university